| 000 | 00881nam a2200253 i 4500 | ||
|---|---|---|---|
| 001 | 157002 | ||
| 003 | ES-MaACL | ||
| 005 | 20230906210544.0 | ||
| 008 | 931025s1787 sp |||| | spa d | ||
| 040 |
_aCARM _bspa _cPAB |
||
| 100 | 1 |
_aLanes y Duval, Juan. _9128660 |
|
| 245 | 1 | 0 |
_aArte de la cría del gusano de la seda / _cpor D. Juan Lanes y Duval... |
| 260 |
_aMadrid : _ben la Imprenta Real, _c1787. |
||
| 300 |
_a324 p. ; _c12º. |
||
| 530 | _aDisponible en formato digital. | ||
| 597 | _aSign.: A-N¹², O6. | ||
| 597 | _aError tip. de sign. en N6 consta 6N. | ||
| 597 | _aAntep. | ||
| 597 | _aPort. con esc. real xil. | ||
| 650 | 4 |
_aGusanos de seda. _9136213 |
|
| 650 | 4 |
_aSericicultura. _9136864 |
|
| 852 | 4 |
_aES-MaACL _jR-995 _z-- Enc. pasta _x Olim: G-9920 |
|
| 856 |
_uhttp://bdh-rd.bne.es/viewer.vm?id=0000053970&page=1 _zBiblioteca Digital Hispánica |
||
| 999 |
_c157002 _d157002 |
||